000 00373nam a2200145Ia 4500
008 230314s9999 xx 000 0 und d
020 _a97815-43345-71-1
041 _aeng
082 _aSO/301/NEE/DB0995
100 _aNeelam Kumari
245 _aTextbook of Applied Sociology
260 _bS Vikas and Co
_aJalandhar
_c2022
300 _a373p
999 _c144146
_d144146